[Event "Nord Pas de Cal-chT"]
[Site "Lille"]
[Date "2004.??.??"]
[Round "1.15"]
[White "Turpin, Nicolas"]
[Black "Vinsard, Cyril"]
[Result "1-0"]
[WhiteElo "1910"]
[BlackElo "1500"]
[PlyCount "71"]
[EventDate "2004.04.??"]
[EventType "team-swiss"]
[EventRounds "7"]
[EventCountry "FRA"]
[SourceTitle "EXT 2005"]
[Source "ChessBase"]
[SourceDate "2004.11.15"]
[SourceVersion "1"]
[SourceVersionDate "2004.11.15"]
[SourceQuality "1"]

1. c3 e5 2. g3 d5 3. Bg2 Nf6 4. d3 c6 5. Qc2 Bc5 6. h3 Bf5 7. e4 dxe4 8. dxe4 Be6 9. Nf3 Nbd7 10. b3 h6 11. Nbd2 Qb6 12. Nf1 0-0-0 13. Ne3 Nh5 14. b4 Be7 15. a4 c5 16. a5 Qc6 17. Qb1 a6 18. 0-0 b5 19. axb6 Qxb6 20. Nf5 Bxf5 21. exf5 cxb4 22. Be3 Bc5 23. Bxc5 Qxc5 24. cxb4 Qb6 25. Rc1+ Kb8 26. Nxe5 Nxe5 27. Qe4 Ka7 28. Qxe5 Rc8 29. Rc5 Rhe8 30. Qc3 Rxc5 31. bxc5 Qc7 32. Bf1 Re5 33. Rxa6+ Kb8 34. Qb4+ Kc8 35. Ra8+ Kd7 36. Bb5+ 1-0